000 01061cam a2200289 4500
001 25660
003 BD-RjUL
005 20211209050917.0
008 140319s1970 azub b 001 0 eng
020 _a0816501548
035 _a(BD-RjUL)25730
040 _aDLC
_cDLC
_dDLC
_dBD-RjUL
_beng
041 _aeng
082 0 0 _a333.160934
_bMOP 1970
100 1 _aMorrison, Barrie M.
_978840
245 1 0 _aPolitical centers and cultural regions in early Bengal /
_cby Barrie M. Morrison.
260 _aTucson :
_bPublished for the Association for Asian Studies, by the University of Arizona Press,
_cc1970.
300 _axii, 189 p. :
_bmaps ;
_c24 cm.
410 2 0 _aAssociation for Asian Studies
_tMonographs and papers
_vno. 25
504 _aIncludes bibliographical references (p. 171-181.) and index.
650 0 _aLand grants
_zIndia
_zBengal
_xHistory
_xSources.
_978841
650 0 _aInscriptions
_zBengal.
_978842
651 0 _aBengal (India)
_xPolitics and government
_xSources.
_978843
942 _2ddc
_cBK
999 _c25660
_d25660